01751 2200205 4500001002100000005001500021035002000036008004100056245003300097100001200130250000600142260003800148300001200186084001400198082000800212650001000220520129100230990001201521990001201533INLIS00000000000098620240529074725 a0010-0524000221240529 1 ind 1 aMr. & Mrs. Writer /cAchi TM aAchi TM a1 aYogyakarta :bSheila/ Andi,c2016 a408 hlm a813 ACH m a813 4aFiksi aKulihat kamu masuk ke dalam cafe kemudian memesan segelas cappuccino. Di sebelah kasir ada rak berisi buku-buku. Kamu mengambil satu novel berjudul Mr & Mrs Writer. "Apakah novel ini bagus?" Kasir mengangguk dengan antusias. "Bercerita tentang apa?" Kasir melirikku lalu tersenyum. Aku ingin membalas senyumannya tapi tak bisa. "Kisah yang ada di sekitar hidupmu. Tentang mencapai cita. Tentang menjadi istri. Awal pernikahan yang membuatmu jungkir balik hingga tangis malaikat kecil yang menjaringmu di tengah malam. Kisah Ara yang memperjuangkan mimpinya. Kisah Ragil, sang tukang kayu yang menjadi penulis kemudian merampas semua impian Ara." Kamu mengelus sampul novel itu. Kamu mengernyitkan dahi. "Tukang kayu jadi penulis? Bagaimana bisa? Merampas impian? Memangnya dia jahat?" Barista datang membawakan pesananmu, kamu membayar sejumlah uang kepada kasir. "Bagaimana caranya dia bisa menjadi penulis?" tanyamu penasaran "Kamu harus baca buku itu untuk mendapatkan jawabannya." "Benarkah cinta itu adalah sepasang kata-kata yang sedang kasmaran? Atau cinta adalah tanda koma, tanda titik dan tanda tanya yang tersesat di atas kertas?" "Hanya waktu yang bisa menjawab semua pertanyaan. Ngomong-ngomong mesin tik kamu bagus juga." Kasir itu mengelus kepalaku yang ada di pelukanmu. a0741728 a0741729